| 000 | 01497nam0a22002771 4500 | ||
|---|---|---|---|
| 001 | rc\13469 | ||
| 005 | 20260406230122.0 | ||
| 035 | _a(NLR Aleph) 008774312 | ||
| 090 |
_a7943239 _c7943239 |
||
| 100 | _a20021204d1991 |||y0rusy50 ca | ||
| 101 | 0 | _arus | |
| 102 | _aRU | ||
| 105 | _aa ||||||||| | ||
| 200 | 1 |
_aВРЕМЕННЫЕ требования к конечным результатам и качеству геофизических работ при разведке месторождений железа, меди и никеля, свинца и цинка _fГос. ком. РСФСР по геологии и использ. топлив.-энерг. и минер.-сырьевых ресурсов, ВНИИ разведоч. геофизики |
|
| 210 |
_aСПб. _cВИРГ "Рудгеофизика" _d1991 (вып. дан. 1992) |
||
| 215 |
_a66 с. _cграф. _d21 |
||
| 320 | _aБиблиогр.: с. 62-65 | ||
| 606 | 1 |
_aЖелезные руды _xМесторождения _xРазведка _xГеофизические методы _2nlr_sh1 |
|
| 606 | 1 |
_aРуды цветных металлов _xМесторождения _xРазведка _xГеофизические методы _2nlr_sh1 |
|
| 712 | 0 | 2 |
_aВНИИ разведочной геофизики _cЛенинград _3RU\NLR\AUTH\889982206 _9460380 |
| 801 | 0 |
_aRU _bNLR _gpsbo |
|
| 801 | 1 |
_aRU _bELAR _2rusmarc |
|
| 801 | 2 |
_aRU _bNLR _c20050414 _2rusmarc |
|
| 852 |
_aNLR _j92-6/599 |
||
| 942 | _cBOOK | ||
| 980 | _aNB | ||